| 000 | 00376nam a2200133Ia 4500 | ||
|---|---|---|---|
| 008 | 220217s9999||||xx |||||||||||||| ||und|| | ||
| 020 | _a81-7319-461-0 | ||
| 082 | _a005.13 CHA | ||
| 100 |
_aChandra, B _93628 |
||
| 245 | 0 | _aObject orieanted programming using C++ | |
| 260 |
_aNarosa publishing house _bNew Delhi _c2002 |
||
| 300 | _b250 | ||
| 650 | _aPROGRAMMING LANGUAGE | ||
| 999 |
_c172304 _d172304 |
||